000 00505nmm a2200157Ia 4500
008 251105s9999||||xx |||||||||||||||||und||
020 _a9788490648346
041 _aspa
100 _aMatilla i Serrano, Kathy
245 0 _aHistoria de la Comunicación Corporativa en Catalunya
264 _a[Madrid, España] :
_bUniversitat Oberta de Catalunya,
_c2015
300 _a416 páginas
650 _aMedia Studies (Journ., TV, etc)
856 _uhttps://public.digitaliapublishing.com/a/43861
942 _cCF
999 _c87764
_d87764